[Event "Let's Play Chess!"]
[Site "http://www.queenalice.com/game.php?id=990860"]
[Date "2011.10.6"]
[Round "-"]
[White "DaInimitableKan"]
[Black "HelderNanques"]
[Result "1-0"]
[WhiteElo "2255"]
[BlackElo "2148"]

1. e4 g6 2. d4 c6 3. Nc3 a6 4. Be3 Bg7 5. Qd2 Nf6 6. Bh6 Bxh6 7. Qxh6 d6 8. Bd3
Kd7 9. O-O-O Kc7 10. Qf4 Rf8 11. h3 b5 12. Nf3 Kb6 13. e5 Ng8 14. g4 d5 15. h4
f6 16. Qg3 Qc7 17. h5 f5 18. hxg6 hxg6 19. gxf5 Bxf5 20. Nh4 e6 21. Nxg6 Bxg6
22. Qxg6 Qf7 23. Qxf7 Rxf7 24. Rdg1 Ne7 25. Rh6 Rxf2 26. Rxe6 Nc8 27. Re8 Nd7
28. Rg7 1-0

[Event "Let's Play Chess!"]
[Site "http://www.queenalice.com/game.php?id=992578"]
[Date "2011.10.7"]
[Round "-"]
[White "dnptrs"]
[Black "DaInimitableKan"]
[Result "0-1"]
[WhiteElo "2173"]
[BlackElo "2205"]

1. d4 d5 2. Nf3 Nf6 3. g3 c6 4. Bg2 Bg4 5. O-O Nbd7 6. b3 e6 7. a4 a5 8. Nbd2
Bd6 9. c4 O-O 10. Ba3 Bxa3 11. Rxa3 Qe7 12. Qa1 Rfe8 13. Re1 Bxf3 14. exf3 Qb4
15. Ra2 c5 16. dxc5 Nxc5 17. Rb2 Nd3 0-1

[Event "Let's Play Chess!"]
[Site "http://www.queenalice.com/game.php?id=993474"]
[Date "2011.10.7"]
[Round "-"]
[White "DaInimitableKan"]
[Black "dnptrs"]
[Result "1-0"]
[WhiteElo "2223"]
[BlackElo "2221"]

1. e4 c5 2. c3 g6 3. d4 cxd4 4. cxd4 Bg7 5. Nc3 Na6 6. Nf3 Qa5 7. Bc4 e6 8. O-O
Nf6 9. e5 Nd5 10. Bxd5 exd5 11. Qb3 O-O 12. Qxd5 Qxd5 13. Nxd5 Re8 14. Bd2 b6
15. Rac1 Bb7 16. Nc7 Nxc7 17. Rxc7 Bc6 18. Rd1 f6 19. Bf4 Rec8 20. Rxc8+ Rxc8
21. Rc1 Bb7 22. Rxc8+ Bxc8 23. Kf1 g5 24. exf6 g4 25. Ne5 Bxf6 26. Nxg4 Bxd4 27.
Be5 Bxe5 28. Nxe5 Ba6+ 29. Ke1 Bb7 30. g4 Kf8 31. Nxd7+ Ke7 32. Ne5 Ke6 33. f4
Kd5 34. Kf2 Ke4 35. Kg3 b5 36. Nd7 Bc8 37. Nf6+ 1-0

[Event "Let's Play Chess!"]
[Site "http://www.queenalice.com/game.php?id=994300"]
[Date "2011.10.9"]
[Round "-"]
[White "leduar"]
[Black "DaInimitableKan"]
[Result "0-1"]
[WhiteElo "1982"]
[BlackElo "2196"]

1. e4 d5 2. exd5 Nf6 3. d4 Bg4 4. f3 Bf5 5. Bb5+ Nbd7 6. c4 e6 7. dxe6 Bxe6 8.
b3 c6 9. d5 Nxd5 10. cxd5 Bxd5 11. Qe2+ Be7 12. Bc4 O-O 13. Nc3 Bf6 14. Qd3 Ne5
15. Qc2 Nxc4 16. Nxd5 Bxa1 17. Nf4 Qa5+ 18. Kf2 Bd4+ 19. Kg3 Qg5+ 20. Kh3 Qh6+
21. Kg3 Qg5+ 22. Kh3 Ne3 23. Nd3 Qh5+ 0-1

[Event "Challenge"]
[Site "http://www.queenalice.com/game.php?id=1000440"]
[Date "2011.10.22"]
[Round "-"]
[White "colatina"]
[Black "DaInimitableKan"]
[Result "0-1"]
[WhiteElo "2286"]
[BlackElo "2250"]

1. e4 e5 2. Nf3 Nc6 3. Bc4 Nf6 4. Ng5 d5 5. exd5 Na5 6. Bb5+ c6 7. dxc6 bxc6 8.
Be2 h6 9. Nf3 e4 10. Ne5 Bd6 11. d4 exd3 12. Nxd3 Qc7 13. b3 O-O 14. Bb2 Nd5 15.
Nc3 Nf4 16. Nxf4 Bxf4 17. g3 Rd8 18. Bd3 Re8+ 19. Ne2 Bg5 20. f4 Be7 21. Qd2 Bg4
22. O-O-O Nb7 23. Be5 Ba3+ 24. Kb1 Rxe5 25. fxe5 Qxe5 26. c3 Rd8 27. Nd4 Bxd1
28. Nxc6 Qd5 29. Bh7+ Kxh7 30. Qd4 Qxh1 0-1

[Event "Challenge"]
[Site "http://www.queenalice.com/game.php?id=1000441"]
[Date "2011.10.22"]
[Round "-"]
[White "DaInimitableKan"]
[Black "colatina"]
[Result "0-1"]
[WhiteElo "2267"]
[BlackElo "2242"]

1. e4 e5 2. Nf3 Nc6 3. d4 exd4 4. Bc4 Bc5 5. c3 Nf6 6. e5 d5 7. Bb5 Ne4 8. cxd4
Bb4+ 9. Bd2 Nxd2 10. Bxc6+ bxc6 11. Nbxd2 c5 12. a3 Bxd2+ 13. Qxd2 cxd4 14. Qxd4
O-O 15. O-O Ba6 16. Rfd1 Be2 17. Rd2 Bxf3 18. gxf3 c5 19. Qxd5 Qg5+ 0-1

[Event "Let's Play Chess!"]
[Site "http://www.queenalice.com/game.php?id=1066178"]
[Date "2012.5.31"]
[Round "-"]
[White "DaInimitableKan"]
[Black "Laramor"]
[Result "0-1"]
[WhiteElo "2263"]
[BlackElo "2100"]

1. e4 c5 2. Nf3 d6 3. c3 Nf6 4. Be2 g6 5. O-O Bg7 6. Bb5+ Nc6 7. Bxc6+ bxc6 8.
Re1 O-O 9. d4 cxd4 10. cxd4 Bg4 11. Nbd2 Qa5 12. h3 Bxf3 13. Nxf3 Rab8 14. Bd2
Qa6 15. Bc3 Nd7 16. e5 Nb6 0-1

[Event "Let's Play Chess!"]
[Site "http://www.queenalice.com/game.php?id=1066180"]
[Date "2012.5.31"]
[Round "-"]
[White "Laramor"]
[Black "DaInimitableKan"]
[Result "1-0"]
[WhiteElo "2117"]
[BlackElo "2246"]

1. Nf3 d5 2. d4 Nf6 3. c4 dxc4 4. Nc3 c6 5. a4 Bf5 6. Ne5 e6 7. f3 Bb4 8. e4
Bxe4 9. fxe4 Nxe4 10. Bd2 Qxd4 11. Nxe4 Qxe4+ 12. Qe2 Bxd2+ 13. Kxd2 Qd5+ 14.
Kc2 Na6 15. Nxc4 O-O-O 16. Qe3 Nc5 17. Be2 Qf5+ 18. Kc3 Qf6+ 19. Kb4 Rd5 20. Ka3
Rhd8 21. Rad1 Qg5 22. Qxg5 Rxg5 23. Rxd8+ Kxd8 24. Bf3 Kc7 25. b4 Nd7 26. Rd1
Ne5 27. Nxe5 Rxe5 28. a5 1-0

[Event "Let's Play Chess!"]
[Site "http://www.queenalice.com/game.php?id=1136027"]
[Date "2013.1.1"]
[Round "-"]
[White "DaInimitableKan"]
[Black "BEBADO"]
[Result "1/2-1/2"]
[WhiteElo "2225"]
[BlackElo "2283"]

1. e4 c5 2. c3 Nf6 3. e5 Nd5 4. d4 cxd4 5. cxd4 d6 6. Nf3 e6 7. Bc4 Nb6 8. Bd3
Nc6 9. O-O Be7 10. a3 dxe5 11. dxe5 Nd5 12. Re1 b6 13. Bb5 Bd7 14. Qe2 O-O 15.
Nbd2 Rc8 16. Ne4 Na5 17. Ba6 1/2-1/2

[Event "AUTO-MASTER-1794"]
[Site "http://www.queenalice.com/game.php?id=1136658"]
[Date "2013.1.3"]
[Round "1"]
[White "DaInimitableKan"]
[Black "Pagano"]
[Result "1-0"]
[WhiteElo "2227"]
[BlackElo "1980"]

1. e4 c6 2. d4 d5 3. exd5 cxd5 4. c4 Nf6 5. Nc3 e6 6. Nf3 Be7 7. cxd5 Nxd5 8.
Bc4 Nc6 9. O-O O-O 10. Re1 a6 11. Bb3 b5 12. Nxd5 exd5 13. Ne5 Bb7 14. Bf4 Rc8
15. Rc1 Re8 16. Nxf7 Kxf7 17. Qh5+ Kg8 18. Bxd5+ Kh8 19. Be4 g6 20. Bxg6 1-0

[Event "AUTO-MASTER-1794"]
[Site "http://www.queenalice.com/game.php?id=1136659"]
[Date "2013.1.3"]
[Round "1"]
[White "Pagano"]
[Black "DaInimitableKan"]
[Result "0-1"]
[WhiteElo "1953"]
[BlackElo "2232"]

1. e4 d5 2. exd5 Nf6 3. Nf3 Nxd5 4. Bc4 Bg4 5. O-O e6 6. d4 c6 7. Nc3 Be7 8. h3
Bh5 9. Re1 O-O 10. Nxd5 cxd5 11. Bd3 Nc6 12. c3 Bg6 13. Bxg6 hxg6 14. Bf4 b5 15.
Qb3 Qb6 16. Ne5 Rfc8 17. Rad1 b4 18. Re3 Na5 19. Qa4 Nc4 20. Qd7 Nxe3 21. Qxe7
Rc7 0-1

[Event "AUTO-MASTER-1794"]
[Site "http://www.queenalice.com/game.php?id=1136660"]
[Date "2013.1.3"]
[Round "1"]
[White "DaInimitableKan"]
[Black "kookaburra"]
[Result "1/2-1/2"]
[WhiteElo "2232"]
[BlackElo "2216"]

1. e4 d5 2. exd5 Nf6 3. Nc3 Nxd5 4. Bc4 Nxc3 5. Qf3 e6 6. dxc3 Nc6 7. Bf4 Bd6 8.
O-O-O Qe7 9. Bxd6 cxd6 10. Qg3 d5 11. Qxg7 Rf8 12. Bb5 Bd7 13. Nf3 O-O-O 14.
Bxc6 Bxc6 15. Qd4 b6 16. Ne5 Bb7 17. f4 Kb8 18. g3 1/2-1/2

[Event "AUTO-MASTER-1794"]
[Site "http://www.queenalice.com/game.php?id=1136661"]
[Date "2013.1.3"]
[Round "1"]
[White "kookaburra"]
[Black "DaInimitableKan"]
[Result "0-1"]
[WhiteElo "2248"]
[BlackElo "2212"]

1. e4 d5 2. d4 dxe4 3. Nc3 e5 4. Be3 exd4 5. Bxd4 Nc6 6. Bb5 Bd7 7. Be3 Nf6 8.
Nge2 Bd6 9. Ng3 a6 10. Be2 Qe7 11. Bg5 Bxg3 12. hxg3 O-O-O 13. Bxf6 Qxf6 14.
Nxe4 Qe5 15. Nc3 Bg4 16. Qc1 Bxe2 17. Nxe2 Nd4 0-1

[Event "AUTO-MASTER-1794"]
[Site "http://www.queenalice.com/game.php?id=1136662"]
[Date "2013.1.3"]
[Round "1"]
[White "DaInimitableKan"]
[Black "ocbruno"]
[Result "1-0"]
[WhiteElo "2230"]
[BlackElo "1974"]

1. e4 e5 2. Nf3 Nc6 3. d4 exd4 4. Bc4 Be7 5. Nxd4 Ne5 6. Bb3 c5 7. Nf3 Bf6 8.
Na3 d6 9. Nxe5 dxe5 10. O-O Bd7 11. Qd5 Be6 12. Ba4+ Ke7 13. Qxc5+ Qd6 14. Be3
Rc8 15. Qxa7 Nh6 16. Rfd1 Qc7 17. Nb5 Ra8 18. Nxc7 Rxa7 19. Bc5# 1-0

[Event "AUTO-MASTER-1794"]
[Site "http://www.queenalice.com/game.php?id=1136663"]
[Date "2013.1.3"]
[Round "1"]
[White "ocbruno"]
[Black "DaInimitableKan"]
[Result "1-0"]
[WhiteElo "1905"]
[BlackElo "2234"]

1. e4 d5 2. e5 c5 3. Nf3 Nc6 4. Bb5 Bg4 5. O-O e6 6. c3 Ne7 7. d4 Qb6 8. Ba4 Nf5
9. h3 Bxf3 10. Qxf3 cxd4 11. cxd4 Nxd4 12. Qd1 Bc5 13. Bxc6+ Nxc6 14. Bf4 Qxb2
15. Nd2 Bd4 16. Rb1 Qc3 17. Rxb7 Bxe5 18. Bxe5 Qxe5 19. Nc4 Qf4 20. Qa4 Qxc4 21.
Qa3 a5 22. Rc1 Qa6 23. Rc7 Qb6 24. R1xc6 Qb4 25. Rc8+ Ke7 26. R8c7+ Ke8 27. Qf3
Qe1+ 28. Kh2 Qe5+ 29. g3 Qf6 30. Rc8+ Kd7 31. R6c7+ Kd6 32. Qa3+ Ke5 33. f4+ Ke4
34. Rc4+ dxc4 35. Rxc4+ Qd4 36. Rxd4+ Kxd4 37. Qb2+ 1-0

[Event "Let's Play Chess!"]
[Site "http://www.queenalice.com/game.php?id=1181116"]
[Date "2013.5.15"]
[Round "-"]
[White "DaInimitableKan"]
[Black "BrainCrash"]
[Result "1/2-1/2"]
[WhiteElo "2236"]
[BlackElo "2227"]

1. e4 e5 2. d4 exd4 3. Nf3 Bc5 4. Bc4 Nf6 5. e5 d5 6. exf6 dxc4 7. Qe2+ Be6 8.
fxg7 Rg8 9. Bg5 Qd7 10. Nbd2 d3 11. cxd3 Qxd3 12. Qxd3 cxd3 13. O-O-O Be7 14.
Bxe7 Kxe7 15. Rhe1 Na6 16. Ne4 1/2-1/2

[Event "AUTO-MASTER-1794"]
[Site "http://www.queenalice.com/game.php?id=1182151"]
[Date "2013.5.17"]
[Round "2"]
[White "Buuuu"]
[Black "DaInimitableKan"]
[Result "0-1"]
[WhiteElo "2165"]
[BlackElo "2236"]

1. e4 d5 2. exd5 Nf6 3. Nf3 Nxd5 4. d4 g6 5. c4 Nb6 6. Nc3 Bg7 7. c5 Nd5 8. Bc4
c6 9. O-O Be6 10. Qb3 Nxc3 11. Bxe6 Ne2+ 12. Kh1 fxe6 13. Qxb7 Nxc1 14. Raxc1
Qd7 15. Qxa8 O-O 16. Rfd1 Na6 17. Qxf8+ Kxf8 18. Rc3 e5 19. Ra3 Nb4 20. Ra4 Nc2
21. Rd2 Nxd4 22. h3 Qb7 23. Ng5 Bh6 0-1

[Event "AUTO-MASTER-1794"]
[Site "http://www.queenalice.com/game.php?id=1182152"]
[Date "2013.5.17"]
[Round "2"]
[White "DaInimitableKan"]
[Black "Buuuu"]
[Result "1-0"]
[WhiteElo "2246"]
[BlackElo "2188"]

1. e4 e6 2. d4 d5 3. Nd2 Nc6 4. Ngf3 Nf6 5. e5 Nd7 6. c3 f6 7. Bb5 fxe5 8. dxe5
Be7 9. Nd4 Ndxe5 10. f4 Ng6 11. Nxc6 bxc6 12. Bxc6+ Bd7 13. Bxa8 Qxa8 14. O-O
O-O 15. Nb3 c5 16. Qe2 Qb8 17. Be3 Bb5 18. Qg4 Bxf1 19. Qxe6+ Kh8 20. f5 Bc4 21.
fxg6 Bd6 22. Qh3 h6 23. Bxh6 Qc8 24. Qh4 1-0

[Event "AUTO-MASTER-1794"]
[Site "http://www.queenalice.com/game.php?id=1182153"]
[Date "2013.5.17"]
[Round "2"]
[White "luciopac"]
[Black "DaInimitableKan"]
[Result "0-1"]
[WhiteElo "2297"]
[BlackElo "2256"]

1. e4 d5 2. e5 c5 3. c4 Nc6 4. f4 dxc4 5. Bxc4 Bf5 6. Nf3 e6 7. d3 a6 8. a4 Nb4
9. O-O Bxd3 10. Bxd3 Qxd3 11. Nc3 Qxd1 12. Rxd1 Be7 13. Ne4 Rd8 14. Rxd8+ Kxd8
15. Be3 b6 16. a5 Kc7 17. axb6+ Kxb6 18. Rc1 Nd5 19. Bxc5+ Bxc5+ 20. Nxc5 Nxf4
21. Nd7+ Kb7 22. Kf1 Ne7 23. Ng5 Rd8 24. Nc5+ Kb6 25. Nge4 Neg6 26. Ra1 Nxe5 27.
Rxa6+ Kb5 28. Ra5+ Kxa5 29. Nb7+ Kb6 30. Nxd8 Kc7 31. g3 Nfd3 32. Nxe6+ fxe6 33.
Ng5 Kd6 34. Nxh7 Nxb2 35. Ke2 Kd5 36. Ng5 Nbc4 37. h3 Nd6 38. Ke3 Nf5+ 39. Kf4
Nd3+ 40. Kf3 e5 41. h4 Nc5 42. Kg4 Nxg3 43. Kxg3 Ne4+ 44. Kg4 Nxg5 45. Kxg5 e4
46. Kg6 e3 47. Kxg7 e2 48. h5 e1=Q 49. h6 Qg3+ 50. Kh8 Qe5+ 51. Kg8 Qg5+ 0-1

[Event "AUTO-MASTER-1794"]
[Site "http://www.queenalice.com/game.php?id=1182154"]
[Date "2013.5.17"]
[Round "2"]
[White "DaInimitableKan"]
[Black "luciopac"]
[Result "1/2-1/2"]
[WhiteElo "2269"]
[BlackElo "2301"]

1. e4 e6 2. d4 d5 3. Nd2 Nf6 4. e5 Nfd7 5. Bd3 c5 6. c3 Nc6 7. Ne2 cxd4 8. cxd4
f6 9. exf6 Nxf6 10. O-O Bd6 11. Nf3 O-O 12. Bf4 Ne4 13. Qc1 Bxf4 14. Nxf4 Qd6
15. Ne2 Bd7 16. Qe3 Nb4 17. Ne5 Nxd3 18. Qxd3 Be8 19. Rac1 a6 20. Nc3 Nc5 21.
Qe3 Nd7 22. Rfe1 Nxe5 23. Qxe5 Qxe5 24. Rxe5 Rf6 25. g3 Rc8 26. Ne2 Rc4 27. f4
Bg6 28. Kf2 Rxc1 29. Nxc1 Be4 30. Nb3 b6 31. h4 Bf5 32. Re3 Rf7 33. Rc3 Rb7 34.
Nd2 1/2-1/2